Obálka
Pro půjčování e-knih musíte být přihlášeni.
Jak si půjčit online?

Jak si dělat chytré poznámky : čtěte, pište a přemýšlejte s pomocí legendární metody zettelkasten /

Autor v knize představuje systém chytrých poznámek "zettelkasten".

Uloženo v:
Hlavní autor: Ahrens, Sönke, 1975- (Autor)
Další autoři: Ešnerová, Kateřina (Autor)
Médium: E-audiokniha
Jazyk:Czech
Vydáno: V Brně : Jan Melvil Publishing, 2021
Vydání:Vydání první
Edice:Žádná velká věda
Témata:
Tagy:
Žádné tagy
LEADER 04310nam a2200793 i 4500
001 313434
003 CZ PrSKC
005 20260601215742.0
007 ta
008 211123s2021 xr e f 000 0 cze
015 |a cnb003375912 
020 |a 9788075551467  |q (brožováno) 
035 |a (OCoLC)1393198682 
040 |a OLA001  |b cze  |d ABA001  |e rda 
041 1 |a cze  |h eng 
072 7 |a 00  |x Věda. Všeobecnosti. Základy vědy a kultury. Vědecká práce  |2 Konspekt 
080 |a 001.82:001.101/.103  |2 MRF 
080 |a 003.03/.09  |2 MRF 
080 |a (035)  |2 MRF 
100 1 |a Ahrens, Sönke,  |d 1975-  |7 ntk20191042203  |4 aut 
240 1 0 |a How to take smart notes.  |l Česky 
245 1 0 |a Jak si dělat chytré poznámky :  |b čtěte, pište a přemýšlejte s pomocí legendární metody zettelkasten /  |c Sönke Ahrens ; překlad Kateřina Ešnerová 
250 |a Vydání první 
264 1 |a V Brně :  |b Jan Melvil Publishing,  |c 2021 
300 |a 229 stran ;  |c 21 cm 
336 |a text  |b txt  |2 rdacontent 
337 |a bez média  |b n  |2 rdamedia 
338 |a svazek  |b nc  |2 rdacarrier 
490 1 |a Žádná velká věda 
500 |a Přeloženo z angličtiny 
504 |a Obsahuje bibliografii a bibliografické odkazy 
520 2 |a Autor v knize představuje systém chytrých poznámek "zettelkasten".  |b Vítejte ve světě zettelkasten! Za tuto dnes již legendární metodu, kolem které vznikla nadšená globální komunita, vděčíme sociologovi Niklasi Luhmannovi. Vytvořil jednoduchý, přitom komplexní a propojený způsob, s jehož pomocí lze uchovávat poznámky získané z četby, stejně jako z přednášek, kurzů, podcastů či webinářů. S technikou zettlekasten si totiž nevytváříte pouhé úložiště myšlenek a znalostí, ale především získáváte prostor, v němž přemýšlíte. Její osvojení vám navíc pomůže poznámky kombinovat, dávat do souvislostí a nahlížet způsobem, který by vás jinak nenapadl. Nakladatelská anotace. Kráceno. 
650 0 7 |a organizace informací  |7 ph805421  |2 czenas 
650 0 7 |a psaní  |7 ph115938  |2 czenas 
650 0 9 |a information organization  |2 eczenas 
650 0 9 |a writing  |2 eczenas 
653 0 |a tvorba poznámek  |a zettelkasten (systém) 
655 7 |a příručky  |7 fd133209  |2 czenas 
655 9 |a handbooks and manuals  |2 eczenas 
700 1 |a Ešnerová, Kateřina  |7 xx0183428  |4 trl 
830 0 |a Žádná velká věda 
900 |a ABA001  |b 20 
044 |a xr 
505 0 0 |t 00_Uvod (15 min., 12 sek.) 
505 0 0 |t 01_1 Co vsechno potrebujete vedet (19 min., 40 sek.) 
505 0 0 |t 02_1 Co vsechno potrebujete vedet - 2 (23 min., 51 sek.) 
505 0 0 |t 03_2 Co vsechno to obnasi (20 min., 41 sek.) 
505 0 0 |t 04_3 Co vsechno potrebujete mit (11 min., 4 sek.) 
505 0 0 |t 05_4 Na co si dat pozor (3 min., 30 sek.) 
505 0 0 |t 06_5 Psani je zaklad vseho (8 min., 52 sek.) 
505 0 0 |t 07_6 Jednoduchost nade vse (22 min., 40 sek.) 
505 0 0 |t 08_7 Nikdo nikdy nezacina od nuly (12 min., 46 sek.) 
505 0 0 |t 09_8 Nechte se motivovat svou praci (13 min., 19 sek.) 
505 0 0 |t 10_9 Samostatne i vzajemne provazane cinnosti (20 min., 40 sek.) 
505 0 0 |t 11_9 Samostatne i vzajemne provazane cinnosti - 2 (26 min., 27 sek.) 
505 0 0 |t 12_10 Ctete tak abyste textu rozumeli (22 min., 45 sek.) 
505 0 0 |t 13_10 Ctete tak abyste textu rozumeli - 2 (22 min., 42 sek.) 
505 0 0 |t 14_11 Delejte si poznamky chytre (21 min., 12 sek.) 
505 0 0 |t 15_11 Delejte si poznamky chytre - 2 (23 min., 41 sek.) 
505 0 0 |t 16_12 Rozvijejte sve uvahy (21 min., 56 sek.) 
505 0 0 |t 17_12 Rozvijejte sve uvahy - 2 (19 min., 54 sek.) 
505 0 0 |t 18_12 Rozvijejte sve uvahy - 3 (23 min., 51 sek.) 
505 0 0 |t 19_13 Podelte se o sve objevy (18 min., 8 sek.) 
505 0 0 |t 20_13 Podelte se o sve objevy - 2 (15 min., 19 sek.) 
505 0 0 |t 21_14 Vyuzijte silu zvyku (4 min., 33 sek.) 
505 0 0 |t 22_Doslov (7 min., 32 sek.) 
910 |a RBIT002 
998 |d 420547  |a https://core.palmknihy.cz/api/books/420547/cover?swm7rr  |b https://core.palmknihy.cz/api/books/420547/cover/400?swm7rr  |c https://core.palmknihy.cz/api/books/420547/cover/50?swm7rr  |e 2027-01-27  |i 9788075551467  |l 24000  |q 49  |r 1  |s https://www.palmknihy.cz/kniha/420547  |t audiobook  |y 2022  |z 0 
999 |d 313432